00329nam a22001217a 450000500170000000800410001708200140005811000230007224500540009526000410014930000090019065000080019920200610111457.0200610b xxu||||| |||| 00| 0 eng d a345.4 AIR aALL INDIA REPORTER aALL INDIA REPORTER, 1961 (VOL-48) MADHYA PRADESH aBOMBAYbALL INDIA REPORTER, PVT LTD. a56;p aLAW